000 00913nas a2200301 4500
001 BR0405392
003 BR-BrBNA
005 20231205104946.0
007 ta
008 230509b bl.|||p| |||| 00| 00por d
040 _aBR-BrBNA
_bpor
_cBiblioteca Nacional de Agricultura
041 _a(Pt)
072 _aF02
100 1 _aSouza, A.V. de
100 1 _aPinto, J.E.B.P.
100 1 _aBertolucci, S.K.V.
100 1 _aCorrêa, R.M.
100 1 _aCastro, E.M. de
245 1 _aGerminação de embriões e multiplicação in vitro de Lychnophora pinaster Mart
650 _aARNICA
650 _aMICROPROPAGAÇÃO
650 _aCULTURA DE EMBRIÃO
650 _aCULTURA IN VITRO
650 _aPLÂNTULA
773 0 _tCiência e Agrotecnologia (Brazil)
_xISSN 1413-7054
_g(Dec 2003), v. 27(Special number) p. 1532-1538
_wBR0405392
909 _a202311
_bLúcia
_c55
_dLúcia Elande
942 _2AGRIS
_n0
_cANA
999 _c180497
_d180497